Ani osem, ani desať - ale deväť dnes sa začne 11. ročník extraligy volejbalistov

Podrobná bibliografia
Médium: Článok
Jazyk:slovenčina
ISSN:0139-7001
Predmet:

MARC

LEADER 00000nab a2200000 a 4500
001 vtls000848075
003 SK-MaSNL
005 20260302164400.0
008 180206c2003 xo 0 slo
015 |a SNBRB2003/10-28178 
035 |a CLN000199730 
040 |a SNKBUCL  |b slo  |c SNKBUCL  |e AACR2 
041 0 |a slo 
044 |a xo  |c SK 
080 |a 796.325.093.1  |2 UDC-MRF-SK2 
245 0 0 |a Ani osem, ani desať - ale deväť  |b dnes sa začne 11. ročník extraligy volejbalistov  |c pripravil Pavol Kubiš 
650 0 7 |a volejbal  |x muži  |x Extraliga  |x kolo 1.  |y sezóna 2003/2004  |2 snkbucl  |9 867223 
655 7 |a články z novín a časopisov  |2 snkbucl  |9 267496 
773 0 |x 0139-7001  |t Šport  |g Roč. 57, č. 227 (3.10.2003), s. 49 
850 |a Slovenská národná knižnica v Martine 
852 |a SNK  |b KIS3GCP 
958 |a RBX 
999 |c 1386525  |d 1388455